000
00319nam a2200133Ia 4500
008
210210b1873 xxu||||| |||| 00| 0 eng d
082
_a
150/102
100
_a
SPENCER, Herbert.
245
_a
The study of sociology.
260
_a
_b
Not Mentioned
_c
1873
650
_a
Sociology
690
_a
Psychology
906
_a
001051
999
_c
77567
_d
77567